[Event "Titled Tuesday intern op 05th Sep Early"]
[Site "Chess.com INT"]
[Date "2023.09.05"]
[Round "2"]
[White "Demina, Marya"]
[Black "Vargas Arteaga, Alexis"]
[Result "0-1"]
[WhiteElo "1890"]
[BlackElo "2222"]
[PlyCount "46"]
[EventDate "2023.09.05"]
[EventType "swiss (blitz)"]
[EventRounds "11"]
[EventCountry "USA"]
[SourceTitle "EXT 2024"]
[Source "ChessBase"]
[SourceDate "2023.10.10"]
[SourceVersion "1"]
[SourceVersionDate "2023.10.10"]
[SourceQuality "1"]

1. d4 Nf6 2. Nf3 e6 3. Bg5 h6 4. Bh4 c5 5. Nbd2 cxd4 6. Nxd4 Nc6 7. c3 Be7 8. Bg3 d5 9. e3 0-0 10. Bd3 Re8 11. N4f3 Bf8 12. Ne5 Bd6 13. Ndf3 Qc7 14. Nxc6 bxc6 15. 0-0 Bxg3 16. hxg3 e5 17. Bc2 e4 18. Nd4 Bd7 19. Ne2 Qe5 20. Rb1 Bg4 21. Re1 Qh5 22. Kf1 Qh1+ 23. Ng1 Bxd1 0-1

[Event "COL-chT Rapid"]
[Site "Santa Marta"]
[Date "2022.11.03"]
[Round "3.3"]
[White "Lopez Rayo, Santiago"]
[Black "Vargas Arteaga, Alexis"]
[Result "1-0"]
[WhiteElo "2201"]
[BlackElo "2285"]
[PlyCount "87"]
[EventDate "2022.11.02"]
[EventType "team-swiss"]
[EventRounds "7"]
[EventCountry "COL"]
[SourceTitle "CBM 211 Extra"]
[Source "ChessBase"]
[SourceDate "2023.01.31"]
[SourceVersion "1"]
[SourceVersionDate "2023.01.31"]
[SourceQuality "1"]
[WhiteTeam "Valle"]
[BlackTeam "Caldas"]
[WhiteTeamCountry "COL"]
[BlackTeamCountry "COL"]

1. e4 c5 2. Nf3 d6 3. d4 cxd4 4. Nxd4 Nf6 5. Nc3 a6 6. Bg5 e6 7. f4 Nbd7 8. Qf3 Qc7 9. 0-0-0 b5 10. Bd3 Bb7 11. Rhe1 Qb6 12. Nd5 Qxd4 13. Bxf6 gxf6 14. Bxb5 Qc5 15. b4 Qxb5 16. Nc7+ Ke7 17. Nxb5 axb5 18. Qd3 Ra6 19. Qxb5 Rb6 20. Qc4 Bh6 21. g3 Rc8 22. Qd3 e5 23. a3 exf4 24. e5 f3+ 25. Kb1 Nxe5 26. Qxh7 Bf8 27. Qf5 Rc3 28. Rd3 Rbc6 29. Rxc3 Rxc3 30. Kb2 Rc7 31. h4 Bh6 32. g4 Bd2 33. Rd1 Nc4+ 34. Kb1 Bc3 35. h5 Ne3 36. Qa5 Kd7 37. Rxd6+ Kc8 38. Qb5 Bc6 39. Qa6+ Bb7 40. Qd3 Nd5 41. Rxd5 Bxd5 42. Qxd5 f2 43. Qf5+ Rd7 44. Qxf2 1-0

[Event "Bucaramanga IM"]
[Site "Bucaramanga"]
[Date "2022.09.04"]
[Round "9"]
[White "Vargas Arteaga, Alexis"]
[Black "Sanchez Alvares, Kelvin Antonio"]
[Result "1/2-1/2"]
[WhiteElo "2239"]
[BlackElo "2215"]
[PlyCount "36"]
[EventDate "2022.08.31"]
[EventType "tourn"]
[EventRounds "9"]
[EventCountry "COL"]
[SourceTitle "CBM 210 Extra"]
[Source "ChessBase"]
[SourceDate "2022.11.30"]
[SourceVersion "1"]
[SourceVersionDate "2022.11.30"]
[SourceQuality "1"]

1. e4 e5 2. Nf3 Nc6 3. Bb5 a6 4. Ba4 b5 5. Bb3 Nf6 6. 0-0 Be7 7. Re1 0-0 8. h3 d6 9. c3 Na5 10. Bc2 c5 11. d4 Qc7 12. Nbd2 cxd4 13. cxd4 Nc6 14. d5 Nb4 15. Bb1 a5 16. a3 Na6 17. Nf1 Bd7 18. N1h2 Rfc8 1/2-1/2

[Event "Bucaramanga IM"]
[Site "Bucaramanga"]
[Date "2022.08.31"]
[Round "1"]
[White "Campos Gomez, Manuel"]
[Black "Vargas Arteaga, Alexis"]
[Result "1-0"]
[WhiteElo "2352"]
[BlackElo "2239"]
[PlyCount "55"]
[EventDate "2022.08.31"]
[EventType "tourn"]
[EventRounds "9"]
[EventCountry "COL"]
[SourceTitle "CBM 210 Extra"]
[Source "ChessBase"]
[SourceDate "2022.11.30"]
[SourceVersion "1"]
[SourceVersionDate "2022.11.30"]
[SourceQuality "1"]

1. d4 Nf6 2. c4 e6 3. g3 d5 4. Nf3 Be7 5. Bg2 0-0 6. 0-0 dxc4 7. Qc2 b5 8. a4 b4 9. Qxc4 Bb7 10. a5 Nbd7 11. Bf4 c5 12. Nbd2 cxd4 13. Rfc1 d3 14. Qxd3 Nd5 15. a6 Nxf4 16. gxf4 Bxf3 17. Nxf3 Rc8 18. Nd4 Rxc1+ 19. Rxc1 Nc5 20. Qe3 Qd7 21. Nc6 Nxa6 22. Qd3 Bd6 23. Ne5 Qd8 24. Qxa6 Bxe5 25. fxe5 Qd2 26. Rc8 Qd1+ 27. Bf1 Rd8 28. Qa4 1-0

[Event "COL-ch"]
[Site "Boyaca"]
[Date "2022.08.20"]
[Round "7"]
[White "Munoz Galvez, Jhon Edison"]
[Black "Vargas Arteaga, Alexis"]
[Result "1-0"]
[WhiteElo "2287"]
[BlackElo "2239"]
[PlyCount "73"]
[EventDate "2022.08.17"]
[EventType "swiss"]
[EventRounds "9"]
[EventCountry "COL"]
[SourceTitle "CBM 210 Extra"]
[Source "ChessBase"]
[SourceDate "2022.11.30"]
[SourceVersion "1"]
[SourceVersionDate "2022.11.30"]
[SourceQuality "1"]

1. d4 Nf6 2. c4 e6 3. g3 d5 4. Bg2 Bb4+ 5. Nd2 0-0 6. a3 Bxd2+ 7. Qxd2 b6 8. b3 Ba6 9. Bb2 Nbd7 10. Rc1 Rc8 11. Nf3 c5 12. cxd5 exd5 13. 0-0 Ne4 14. Qd1 Ndf6 15. Ne5 c4 16. bxc4 dxc4 17. Re1 c3 18. Ba1 Qd5 19. f3 Nd2 20. e3 Qa5 21. Bxc3 Rxc3 22. Qxd2 Rfc8 23. Rxc3 Qxc3 24. Qxc3 Rxc3 25. a4 Nd5 26. e4 Nb4 27. d5 f6 28. Ng4 Nd3 29. Ra1 Nc5 30. f4 Rc4 31. e5 Rxa4 32. Rxa4 Nxa4 33. e6 Nc5 34. d6 Kf8 35. e7+ Ke8 36. Bc6+ Nd7 37. Ne3 1-0

[Event "Bucaramanga Meneses Memorial"]
[Site "Bucaramanga"]
[Date "2022.07.23"]
[Round "6"]
[White "Vargas Arteaga, Alexis"]
[Black "Suarez Pinto, Sergio Rafael"]
[Result "0-1"]
[WhiteElo "2254"]
[BlackElo "1879"]
[PlyCount "70"]
[EventDate "2022.07.20"]
[EventType "swiss"]
[EventRounds "8"]
[EventCountry "COL"]
[SourceTitle "EXT 2024"]
[Source "ChessBase"]
[SourceDate "2023.10.10"]
[SourceVersion "1"]
[SourceVersionDate "2023.10.10"]
[SourceQuality "1"]

1. e4 e5 2. Nf3 Nc6 3. Bb5 a6 4. Ba4 Nf6 5. 0-0 Be7 6. Re1 b5 7. Bb3 d6 8. c3 Na5 9. Bc2 c5 10. a4 b4 11. d4 Qc7 12. d5 Rb8 13. cxb4 cxb4 14. h3 0-0 15. Bd3 Nd7 16. Nbd2 Nc5 17. Bf1 f5 18. exf5 Bxf5 19. Nc4 Nab3 20. Be3 Nxa1 21. Qxa1 Nd3 22. Bxd3 Bxd3 23. Nfd2 Bxc4 24. Rc1 Qb7 25. Rxc4 Qxd5 26. Qe1 Qe6 27. Qf1 d5 28. Rg4 h5 29. Rg3 Bh4 30. Qe2 Bxg3 31. fxg3 Rbe8 32. Nf3 Rxf3 33. gxf3 Qxh3 34. Qe1 Qf5 35. Qd1 d4 0-1

[Event "Bucaramanga Meneses Memorial"]
[Site "Bucaramanga"]
[Date "2022.07.21"]
[Round "3"]
[White "Vargas Arteaga, Alexis"]
[Black "Rueda Rojas, Richard Alejandro"]
[Result "1-0"]
[WhiteElo "2254"]
[BlackElo "1527"]
[PlyCount "61"]
[EventDate "2022.07.20"]
[EventType "swiss"]
[EventRounds "8"]
[EventCountry "COL"]
[SourceTitle "EXT 2024"]
[Source "ChessBase"]
[SourceDate "2023.10.10"]
[SourceVersion "1"]
[SourceVersionDate "2023.10.10"]
[SourceQuality "1"]

1. e4 d6 2. d4 Nf6 3. Nc3 g6 4. Bf4 Bg7 5. Qd2 c6 6. Bh6 Bxh6 7. Qxh6 Qa5 8. Bd3 b5 9. Nf3 b4 10. Ne2 Bg4 11. Nd2 Bxe2 12. Bxe2 Qb6 13. e5 dxe5 14. dxe5 Nd5 15. Nf3 Nd7 16. 0-0 0-0-0 17. a3 b3 18. cxb3 Nc5 19. b4 Ne6 20. Rac1 Kb8 21. Rc4 Rd7 22. Rfc1 Rc7 23. Bd3 Rcc8 24. Bf1 Rc7 25. g3 Rcc8 26. Bh3 Kb7 27. Bxe6 fxe6 28. Nd4 c5 29. Rxc5 Rxc5 30. Rxc5 Nxb4 31. Rb5 1-0

[Event "COL Subzt 2.3.4"]
[Site "Risarald"]
[Date "2021.11.26"]
[Round "7"]
[White "Vargas Arteaga, Alexis"]
[Black "Nieto Medina, Agustin"]
[Result "0-1"]
[WhiteElo "2277"]
[BlackElo "2111"]
[PlyCount "82"]
[EventDate "2021.11.23"]
[EventType "swiss"]
[EventRounds "9"]
[EventCountry "COL"]
[SourceTitle "CBM 205 Extra"]
[Source "ChessBase"]
[SourceDate "2022.01.31"]
[SourceVersion "1"]
[SourceVersionDate "2022.01.31"]
[SourceQuality "1"]

1. e4 c5 2. Nf3 g6 3. d4 cxd4 4. Nxd4 Bg7 5. Nc3 Nc6 6. Be3 Nf6 7. Bc4 0-0 8. Bb3 d6 9. f3 Na5 10. Qd2 Nxb3 11. axb3 a6 12. g4 b5 13. g5 Nh5 14. Ndxb5 Bb7 15. Na3 d5 16. 0-0-0 dxe4 17. Qxd8 Rfxd8 18. Nxe4 f5 19. gxf6 Nxf6 20. Rxd8+ Rxd8 21. Nc5 Bxf3 22. Rf1 Bg4 23. Nxa6 Be2 24. Re1 Bxa6 25. b4 e5 26. b5 Bb7 27. c4 Rc8 28. Kb1 Bf8 29. Rc1 Ne4 30. Ka2 Nc5 31. Rd1 e4 32. Rd4 Ba8 33. b6 Bc6 34. b4 Ne6 35. Nc2 Nxd4 36. Bxd4 Ba4 37. c5 Bxc2 38. b7 Rb8 39. c6 Bd6 40. Bc5 Bxh2 41. Ka3 Bd3 0-1

[Event "COL-ch Blitz"]
[Site "Villavicencio"]
[Date "2021.11.15"]
[Round "9"]
[White "Barrientos Chavarriaga, Sergio E"]
[Black "Vargas Arteaga, Alexis"]
[Result "1-0"]
[WhiteElo "2485"]
[BlackElo "2343"]
[PlyCount "53"]
[EventDate "2021.11.15"]
[EventType "swiss (blitz)"]
[EventRounds "13"]
[EventCountry "COL"]
[SourceTitle "CBM 205 Extra"]
[Source "ChessBase"]
[SourceDate "2022.01.31"]
[SourceVersion "1"]
[SourceVersionDate "2022.01.31"]
[SourceQuality "1"]

1. d4 Nf6 2. Nf3 d6 3. c4 Nbd7 4. Nc3 e5 5. e4 Be7 6. h3 0-0 7. d5 Nc5 8. Qc2 a5 9. Be3 Nfd7 10. g4 Na6 11. a3 c6 12. 0-0-0 Qc7 13. Kb1 Ndc5 14. Rg1 Bd7 15. g5 Rfb8 16. h4 a4 17. h5 g6 18. hxg6 hxg6 19. Be2 Kg7 20. Nd2 Qa5 21. f4 exf4 22. Bd4+ Kf8 23. Rh1 Ke8 24. Rh8+ Bf8 25. Bg7 Ke7 26. Bf6+ Ke8 27. Rxf8+ 1-0

[Event "COL-ch Blitz"]
[Site "Villavicencio"]
[Date "2021.11.15"]
[Round "6"]
[White "Vargas Arteaga, Alexis"]
[Black "Arenas Vanegas, David"]
[Result "1/2-1/2"]
[WhiteElo "2343"]
[BlackElo "2385"]
[PlyCount "77"]
[EventDate "2021.11.15"]
[EventType "swiss (blitz)"]
[EventRounds "13"]
[EventCountry "COL"]
[SourceTitle "CBM 205 Extra"]
[Source "ChessBase"]
[SourceDate "2022.01.31"]
[SourceVersion "1"]
[SourceVersionDate "2022.01.31"]
[SourceQuality "1"]

1. e4 e5 2. Nf3 Nc6 3. Bb5 a6 4. Ba4 Nf6 5. Bxc6 dxc6 6. d3 Bd6 7. Nbd2 Be6 8. h3 Nd7 9. Nc4 Bxc4 10. dxc4 0-0 11. 0-0 Qe7 12. Bg5 f6 13. Bd2 Nc5 14. Nh4 g6 15. Qe2 Ne6 16. Nf3 Rad8 17. Rad1 Bc5 18. a3 Rd7 19. b4 Ba7 20. c5 Rfd8 21. Be3 a5 22. c3 Nf8 23. Qc2 b6 24. bxa5 bxa5 25. Qb3+ Ne6 26. Rxd7 Qxd7 27. Kh2 Kg7 28. Qc4 Qe7 29. Rb1 Bxc5 30. Bxc5 Nxc5 31. a4 Qd6 32. Rb2 Ne6 33. Rd2 Qe7 34. Qxc6 Kf7 35. Rd5 Rxd5 36. Qxd5 Qc5 37. Qd7+ Qe7 38. Qd5 Qc5 39. Qd7+ 1/2-1/2

[Event "COL-chT"]
[Site "Cartagena"]
[Date "2019.11.25"]
[Round "3.1"]
[White "Vargas Arteaga, Alexis"]
[Black "Arenas Vanegas, David"]
[Result "0-1"]
[WhiteElo "2257"]
[BlackElo "2472"]
[PlyCount "100"]
[EventDate "2019.11.24"]
[EventType "team-swiss"]
[EventRounds "7"]
[EventCountry "COL"]
[SourceTitle "CBM 193 Extra"]
[Source "ChessBase"]
[SourceDate "2020.01.31"]
[SourceVersion "1"]
[SourceVersionDate "2020.01.31"]
[SourceQuality "1"]
[WhiteTeam "Santander"]
[BlackTeam "Bolivar"]
[WhiteTeamCountry "COL"]
[BlackTeamCountry "COL"]

1. e4 e5 2. Nf3 Nc6 3. Bb5 a6 4. Bxc6 dxc6 5. d4 exd4 6. Qxd4 Qxd4 7. Nxd4 Bd6 8. Be3 Ne7 9. Nd2 c5 10. N4b3 b6 11. Nc4 Be6 12. Nxd6+ cxd6 13. 0-0-0 d5 14. exd5 Nxd5 15. Rhe1 0-0-0 16. Bd2 h6 17. Kb1 Rd7 18. Nc1 Rhd8 19. Nd3 c4 20. Ne5 Nc3+ 21. bxc3 Rxd2 22. Rxd2 Rxd2 23. Rf1 Bd5 24. Nf3 Bxf3 25. gxf3 g5 26. Kc1 Re2 27. Kd1 Re5 28. Kd2 Kc7 29. Rg1 Kd6 30. Rg4 b5 31. Rd4+ Rd5 32. Ke3 f5 33. Rxd5+ Kxd5 34. f4 g4 35. f3 h5 36. Kf2 h4 37. a3 a5 38. Kg2 Kc5 39. Kf2 g3+ 40. hxg3 hxg3+ 41. Kxg3 b4 42. cxb4+ axb4 43. axb4+ Kxb4 44. Kh4 Kc3 45. Kg5 Kxc2 46. Kxf5 Kd3 47. Kg6 c3 48. f5 c2 49. f6 c1Q 50. f7 Qc5 0-1

[Event "Tunja Boyaca op"]
[Site "Tunja"]
[Date "2019.08.01"]
[Round "3"]
[White "Vargas Arteaga, Alexis"]
[Black "Dominguez Rincon, Miller Duvan"]
[Result "1-0"]
[WhiteElo "2263"]
[BlackElo "2112"]
[PlyCount "91"]
[EventDate "2019.07.31"]
[EventType "swiss"]
[EventRounds "9"]
[EventCountry "COL"]
[SourceTitle "EXT 2020"]
[Source "ChessBase"]
[SourceDate "2019.10.17"]
[SourceVersion "1"]
[SourceVersionDate "2019.10.17"]
[SourceQuality "1"]

1. e4 e5 2. Nf3 Nc6 3. Bb5 a6 4. Ba4 Nf6 5. 0-0 Be7 6. Re1 b5 7. Bb3 0-0 8. h3 d6 9. c3 Re8 10. d3 Bf8 11. Nbd2 g6 12. Nf1 Bg7 13. Ne3 Na5 14. Bc2 c5 15. Nh2 Bb7 16. Nhg4 Nxg4 17. hxg4 d5 18. exd5 Bxd5 19. g5 Bb7 20. Qg4 h6 21. gxh6 Bxh6 22. Qh3 Bf4 23. g3 Kg7 24. f3 Rh8 25. Qg2 Bg5 26. Kf2 f5 27. Nf1 Bf6 28. Be3 Qc7 29. Rad1 f4 30. Bc1 Raf8 31. gxf4 Bh4+ 32. Kg1 exf4 33. d4 Rf6 34. Re5 cxd4 35. Bxf4 Qb6 36. Rf5 Rxf5 37. Bxf5 Qf6 38. Ng3 Nc4 39. Rxd4 Bxg3 40. Rd7+ Kg8 41. Qxg3 Qxf5 42. Rd8+ Kg7 43. Bh6+ Kxh6 44. Qh4+ Qh5 45. Rxh8+ Kg7 46. Rxh5 1-0